Vulnerability of ground-nesting waterbirds to predation by invasive american mink in the Cape Horn Biosphere Reserve, Chile (Registro nro. 13628)
[ vista simple ]
| 000 -CABECERA | |
|---|---|
| Campo de control | 007130000a22002170004500 |
| 090 ## - CLASIFICACIÓN LOCAL | |
| Colección | AR |
| Consecutivo | 04528 |
| 041 0# - IDIOMA | |
| Código de idioma para texto/pista de sonido o título separado | |
| 100 1# - ASIENTO PRINCIPAL--NOMBRE PERSONAL | |
| Nombre personal | Schuttler, Elke |
| 245 10 - MENCION DE TITULO | |
| Título | Vulnerability of ground-nesting waterbirds to predation by invasive american mink in the Cape Horn Biosphere Reserve, Chile |
| 650 14 - ASIENTO SECUNDARIO DE MATERIA - TERMINO TEMATICO | |
| Término temático o nombre geográfico como elemento de entrada | Invasiones biológicas |
| 650 14 - ASIENTO SECUNDARIO DE MATERIA - TERMINO TEMATICO | |
| Término temático o nombre geográfico como elemento de entrada | Aves acuáticas |
| 650 14 - ASIENTO SECUNDARIO DE MATERIA - TERMINO TEMATICO | |
| Término temático o nombre geográfico como elemento de entrada | Depredadores |
| 650 14 - ASIENTO SECUNDARIO DE MATERIA - TERMINO TEMATICO | |
| Término temático o nombre geográfico como elemento de entrada | Anidación |
| 651 #4 - ASIENTO SECUNDARIO DE MATERIA - NOMBRE GEOGRAFICO | |
| -- | Chile |
| -- | Isla Navarino |
| 700 1# - ASIENTO SECUNDARIO - NOMBRE PERSONAL | |
| Nombre personal | Klenke, Reinhard |
| 700 1# - ASIENTO SECUNDARIO - NOMBRE PERSONAL | |
| Nombre personal | McGehee, Steven |
| 700 1# - ASIENTO SECUNDARIO - NOMBRE PERSONAL | |
| Nombre personal | Rozzi, Ricardo |
| 700 1# - ASIENTO SECUNDARIO - NOMBRE PERSONAL | |
| Nombre personal | Jax, Kurt |
| 773 1# - Item fuente: | |
| Título | Bological conservation |
| Paginas del Articulo | 1450-1460 |
| Lugar, editorial y fecha de publicación | 2009 |
| Información sobre la relación | 142 |
| 942 ## - ELEMENTOS ADICIONALES (KOHA) | |
| Tipo de ítem | Artículo |
| Withdrawn status | Lost status | Damaged status | No para préstamo | Colección | Ubicación Permanente | Ubicación actual | Fecha de adquisición | Fuente de Valor | Datos de publicación Seriada | Total Checkouts | Número topográfico | Inventario / Código de Barras | Date last seen | Ejemplar | Price effective from | Forma de adquisición | Tipo de material |
|---|---|---|---|---|---|---|---|---|---|---|---|---|---|---|---|---|---|
| No para Préstamo | Hemeroteca | Bogotá | Bogotá | 10/11/2009 | PUJ | Fuera de circulación | AR 04528 | 027707 | 25/03/2015 | 1 | 25/03/2015 | Artículo |